South America (According to Google) Map Quiz - Statistics

General Stats
  • This quiz has been taken 292 times
  • The average score is 3 of 14
Answers on the Map
Answers color-coded by a green-red scale on the quiz's map according to % correct below.
 
Answer Stats
Answer % Correct
Good at football
53%
British
52%
White
40%
Good looking
30%
Sparsely populated
25%
Starving
24%
Rocket launch
23%
Poor
20%
Short
20%
Black
13%
Happy
12%
Racist
9%
Rude
8%
Unfriendly
6%
No matching quizzes found
Score Distribution
Percent of People with Each Score
Percentile by Number Answered
Your Score History
You have not taken this quiz